Statistics for Ultimate 21st Century TV Shows

Click here to take the quiz!

General Stats

  • This quiz has been taken 21 times
  • The average score is 31 of 69

Answer Stats

PlotTV Show% Correct
A high school chemistry teacher diagnosed with cancer turns to selling drugsBreaking Bad
94%
Follows the personal and professional lives of six friends living in ManhattanFriends
94%
The survivors of a plane crash are forced to work together in order to survive on a seemingly deserted tropical islandLost
88%
A mockumentary on a group of typical office workersThe Office
88%
The adventures in time and space of the alien adventurer known as the DoctorDoctor Who
81%
New Jersey mob boss deals with personal and professional issues in his home and business lifeThe Sopranos
81%
Sheriff Deputy Rick Grimes wakes up from a coma to learn the world is in ruins with zombiesThe Walking Dead
81%
Nine noble families fight for control over the lands of WesterosGame of Thrones
75%
A modern update finds the famous sleuth and his doctor partner solving crimeSherlock
69%
A Miami-based blood splatter expert who doesn't just solve murders - he commits them tooDexter
63%
An antisocial doctor who specializes in diagnostic medicine does whatever it takes to solve puzzling casesHouse M.D.
63%
Five friends are the proprietors of an Irish pub in PhiladelphiaIt's Always Sunny in Philadelphia
63%
A drama about one of New York's most prestigious ad agencies at the beginning of the 1960sMad Men
63%
A chronicled look at the criminal exploits of Colombian drug lordNarcos
63%
A gangster family epic set in 1900s EnglandPeaky Blinders
63%
When a young boy disappears, his mother, a police chief and his friends must confront terrifying supernatural forcesStranger Things
63%
Two F.B.I. Agents Mulder and Scully investigate the strange and unexplainedThe X Files
63%
An anthology series exploring a twisted, high-tech multiverse where humanity's greatest innovations and darkest instincts collideBlack Mirror
56%
An explosion at the nuclear power plant in the USSR becomes one of the world's worst man-made catastrophesChernobyl
56%
A Congressman works with his equally conniving wife to exact revenge on the people who betrayed himHouse of Cards
56%
A teenage boy with a sex therapist mother teams up with a high school classmate to set up an underground sex therapy clinic at schoolSex Education
56%
A biker struggles to balance being a father and being involved in an outlaw motorcycle clubSons of Anarchy
56%
Follows the political rivalries and romance of Queen Elizabeth II's reign and the events that shaped the second half of the twentieth centuryThe Crown
56%
The Baltimore drug scene, as seen through the eyes of drug dealers and law enforcementThe Wire
56%
A suspended lawyer is forced to enroll in a community collegeCommunity
50%
The life and times of Larry DavidCurb Your Enthusiasm
50%
Rue Bennett is a recovering teenage drug addict who struggles to find her place in the worldEuphoria
50%
Various chronicles of deception, intrigue and murder in and around frozen MinnesotaFargo
50%
Set in a dystopian future, a woman is forced to live as a concubine under a fundamentalist theocratic dictatorshipThe Handmaid's Tale
50%
The story of Easy Company of the U.S. Army 101st Airborne Division and their mission in World War II EuropeBand of Brothers
44%
The trials and tribulations of criminal lawyer Jimmy McGillBetter Call Saul
44%
An Atlantic City politician plays both sides of the law by conspiring with gangsters during the Prohibition eraBoardwalk Empire
44%
A chronicle of the lives of the British aristocratic Crawley familyDownton Abbey
44%
A bipolar CIA operative becomes convinced a prisoner of war has been turned by al-QaedaHomeland
44%
The life of the gladiator who lead a rebellion against the RomansSpartacus
44%
American college football coach heads to London to manage Premier League football teamTed Lasso
44%
Orphaned at the tender age of nine, prodigious introvert Beth Harmon discovers and masters the game of chessThe Queen's Gambit
44%
Inside the lives of staffers in the White HouseThe West Wing
44%
The futuristic park which is looked after by robotic "hosts" allows its visitors to live out their fantasies through artificial consciousnessWestworld
44%
Anthology horror following a different set of characters and settings in the same fictional universeAmerican Horror Story
38%
The disappearance of two young children in a German town exposes the relationships among four familiesDark
38%
Explores the early relationship between renowned psychiatrist and a young FBI criminal profilerHannibal
38%
Gentleman thief Assane Diop sets out to avenge his father for an injustice inflicted by a wealthy familyLupin
38%
Set in the late 1970s, two FBI agents are tasked with interviewing serial killers to solve open casesMindhunter
38%
The absurd antics of an Indiana town's public officialsParks and Recreation
38%
The Roy family is known for controlling the biggest media and entertainment company in the worldSuccession
38%
A group of vigilantes set out to take down corrupt superheroes who abuse their superpowersThe Boys
38%
A ranching family in Montana faces off against others encroaching on their landYellowstone
38%
Earn and his cousin Alfred try to make their way in the world through the rap sceneAtlanta
31%
A brilliant but highly unstable cyber-security engineer becomes a key figure in a complex game of global dominanceMr. Robot
31%
A financial advisor drags his family from Chicago to the Missouri, where he must launder money to appease a drug bossOzark
31%
The travels of a lone bounty hunter in the outer reaches of the galaxyThe Mandalorian
31%
A renegade crew aboard a small spacecraft tries to survive as they travel the unknown parts of the galaxyFirefly
25%
A young woman trying to cope with life in London whilst coming to terms with a recent tragedyFleabag
25%
A scrappy, feisty, fiercely loyal Chicago family makes no apologiesShameless
25%
A Seattle police investigation starts after the body of 17-year-old Rosie Larsen is found in the trunk of a submerged carThe Killing
25%
After her husband leaves her, young mother of two discovers that she has a talent for stand-up comedyThe Marvelous Mrs. Maisel
25%
The beginning of the pontificate of Lenny Belardo, alias Pius XIII, the first American Pope in historyThe Young Pope
25%
The apparently perfect lives of Californian upper-class mothers unravel to the point of murderBig Little Lies
19%
U.S. Attorney Chuck Roades goes after hedge fund king and popular philanthropist Bobby "Axe" AxelrodBillions
19%
Follow Jeremy as he attempts to run a farm in the countrysideClarkson's Farm
19%
A computer engineer investigates the secretive development division in her company, which she believes is behind the disappearance of her boyfriendDevs
19%
After a series of events, the lives of a MI6 operative and an assassin become inextricably linkedKilling Eve
19%
The life of a divorced comedian living in New York with two kidsLouie
19%
Follows the struggle of Richard Hendricks, an engineer trying to build his own company called Pied PiperSilicon Valley
19%
A look at the professional and personal lives of the staff at New York's Hospital during the early part of the twentieth centuryThe Knick
19%
A cable-news anchor and his staff set out to 'do the news well' in the face of numerous obstaclesThe Newsroom
19%
Seasonal anthology series in which police investigations unearth the personal and professional secrets of those involvedTrue Detective
19%
Mark leads a team of office workers whose memories have been surgically divided between their work and personal livesSeverance
13%

Score Distribution

Percentile by Number Answered

Percent of People with Each Score

Your Score History

You have not taken this quiz